Statistics for Europe by Capitals and Borders in 30 Seconds - Empty Map

Click here to take the quiz!

General Stats

  • This quiz has been taken 5,598 times
    (2,261 since last reset)
  • The average score is 37 of 45

Answers on the Map

Answers color-coded by a green-red scale on the quiz's map according to % correct below.
 

Answer Stats

Country% Correct
France
99%
Germany
98%
Switzerland
98%
Spain
97%
Italy
96%
Poland
96%
Austria
95%
Belgium
95%
Netherlands
95%
Luxembourg
94%
Russia
94%
Finland
92%
Norway
92%
Ukraine
92%
United Kingdom
92%
Belarus
91%
Czech Republic
90%
Andorra
87%
Hungary
86%
Lithuania
86%
Slovenia
86%
Bulgaria
84%
Macedonia
84%
Latvia
83%
Serbia
82%
Sweden
82%
Greece
81%
Romania
81%
Slovakia
81%
Estonia
80%
Ireland
79%
Denmark
77%
Portugal
77%
Albania
76%
Croatia
75%
Monaco
72%
Montenegro
71%
Vatican City
71%
San Marino
70%
Bosnia and
Herzegovina
68%
Moldova
62%
Kosovo
58%
Liechtenstein
48%
Iceland
42%
Malta
34%

Score Distribution

Percentile by Number Answered

Percent of People with Each Score

Your Score History

You have not taken this quiz since the last reset